Air Force journal of logistics

Detalles Bibliográficos
Autor Corporativo: United States. Air Force Logistics Management Agency
Formato: Documento de Gobierno Electrónico Revista
Lenguaje:inglés
Publicado: Maxwell AFB, Gunter Annex, AL : Air Force Logistics Management Agency
Colección:Air Force recurring publication.
Materias:
Acceso en línea:Full text available from Research Library: 01/01/1999 to 07/31/2011

MARC

LEADER 00000nas a2200000 a 4500
001 ssj0012474
003 WaSeSS
005 20200512172242.0
006 m d
007 cr n
008 010202d19802012aluqr pss f0 a0eng c
010 |a  2001231447 
022 |a 1554-9593  |l 0270-403X  |y 0270-403X 
035 |a (WaSeSS)ssj0012474 
037 |b Supt. of Docs., U.S. Govt. Print. Off., Washington, DC 20402 
040 |a TXH  |b eng  |c TXH  |d GPO  |d OCLCQ  |d NSD  |d DLC  |d LGG  |d OCLCQ  |d GPO  |d OCLCQ  |d GPO  |d OCLCF  |d OCL  |d VT2  |d COO  |d OCLCQ  |d GILDS  |d OCLCO  |d UUM  |d OCLCO  |d WaSeSS 
042 |a pcc  |a nsdp 
043 |a n-us--- 
050 1 4 |a UG1123  |b .A36 
074 |a 0422-N (online) 
082 0 4 |a 358.4/16212/0973 
086 0 |a D 301.91: 
130 0 |a Air Force journal of logistics (Online) 
222 0 |a Air Force journal of logistics  |b (Online) 
245 1 0 |a Air Force journal of logistics  |h [electronic resource]. 
260 |a Maxwell AFB, Gunter Annex, AL :  |b Air Force Logistics Management Agency 
310 |a Quarterly 
362 1 |a Print began with vol. 4, no. 1 (winter 1980); ceased with vol. 35, no. 3 and 4. 
490 1 |a AFRP 
506 |a License restrictions may limit access. 
538 |a Mode of access: Internet at the AFLMA web site. Address as of 01/19/05: http://www.aflma.hq.af.mil/lgj/Afjlhome.html ; current access is available via PURL. 
588 |a Description based on: Vol. 23, no. 4 (winter 1999); title from title screen (viewed Nov. 2, 2001). 
588 |a Latest issue consulted: V. 35, no. 3 & 4 ([2012]). 
610 1 0 |a United States.  |b Air Force  |x Procurement  |v Periodicals. 
610 1 0 |a United States.  |b Air Force  |x Supplies and stores  |v Periodicals. 
610 1 7 |a United States.  |b Air Force.  |2 fast  |0 (OCoLC)fst00538280 
650 7 |a Armed Forces  |x Procurement.  |2 fast  |0 (OCoLC)fst00814624 
650 7 |a Armed Forces  |x Supplies and stores.  |2 fast  |0 (OCoLC)fst00814632 
655 0 |a Electronic journals. 
710 1 |a United States.  |b Air Force Logistics Management Agency. 
776 1 |t Air Force journal of logistics  |x 0270-403X  |w (DLC) 80643979  |w (OCoLC)5948130 
830 0 |a Air Force recurring publication. 
856 4 0 |z Full text available from Research Library: 01/01/1999 to 07/31/2011  |u https://search.proquest.com/publication/33909